Statistics for You're On Your Own, Kid - Taylor Swift (All Lyrics)

Click here to take the quiz!

General Stats

  • This quiz has been taken 26 times
  • The average score is 274 of 298

Answer Stats

Lyrics% Correct
a
100%
always
100%
And
100%
and
100%
as
100%
be
100%
been
100%
by
100%
for
100%
have
100%
he
100%
I
100%
kid
100%
My
100%
my
100%
on
100%
own,
100%
this
100%
you
100%
You
100%
your
100%
You're
100%
you're
100%
around
95%
ashes
95%
away
95%
away,
95%
blood,
95%
blood
95%
don't
95%
face
95%
friends
95%
from
95%
From
95%
gave
95%
got
95%
home
95%
in
95%
is
95%
it
95%
know
95%
looked
95%
make
95%
no
95%
party
95%
say
95%
so
95%
So,
95%
sprinkler
95%
Summer
95%
sweat,
95%
take
95%
tears
95%
the
95%
The
95%
there
95%
they
95%
to
95%
took
95%
went
95%
we're
95%
were
95%
weren't
95%
what
95%
with
95%
afraid
90%
aren't
90%
best
90%
body
90%
bracelets,
90%
can
90%
can't
90%
'Cause
90%
fireplace
90%
friendship
90%
funny,
90%
gown
90%
I'd
90%
It's
90%
it's
90%
jokes
90%
Just
90%
just
90%
kiss
90%
long,
90%
me
90%
money
90%
never
90%
not
90%
of
90%
perfect
90%
reason
90%
saved
90%
saw
90%
something
90%
Something
90%
splashes
90%
starved
90%
that
90%
You've
90%
All
85%
better
85%
boys
85%
bridges
85%
burned
85%
cared
85%
cool
85%
could
85%
Daisy
85%
days
85%
dream
85%
dreams
85%
gonna
85%
hear
85%
he's
85%
hosted
85%
I'll
85%
learn
85%
Like
85%
loves
85%
May
85%
moment
85%
okay
85%
one
85%
pages
85%
parties
85%
rare
85%
run
85%
see
85%
soaked
85%
stay
85%
step
85%
still
85%
them
85%
turned
85%
voice,
85%
who
85%
Yeah,
85%
bodies
80%
didn't
80%
different
80%
escape,
80%
Everything
80%
great
80%
lose
80%
lot
80%
notice
80%
out
80%
parking
80%
play
80%
room
80%
search
80%
smoking
80%
There's
80%
touch
80%
wait
80%
yearning
80%
ages
75%
bloomed,
75%
choose
75%
getting
75%
if
75%
patiently,
75%
petals,
75%
phone
75%
picked
75%
songs
75%
stays
75%
taste
75%
taxi
75%
town,
75%
waited
75%
Anyway
70%
writing
70%
called
65%

Score Distribution

Percentile by Number Answered

Percent of People with Each Score

Your Score History

You have not taken this quiz